000 00834 a2200169 4500
003 Nust
005 20221017122722.0
040 _cNust
082 _a617.712,ABI
100 _aAbidi,Hussain Akram Saiyed
_9100437
245 _aImage intensifiers and systems for the conquest of darkness /
_cSaiyed Akram Hussain Abidi
260 _aIslamabad
_binstitute of optronics
_c1987
300 _a175 p.
505 _aGeneral Introduction (Page-3), Evolution of Image Intensifier Technology (Page-11), Light (Page-21), Vision and Visual Perception (Page-41), Optics for Night Vision Systems (Page-51), The Image Intensifier (Page-67), Key Parameters of Image Intensifier Tubes (Page-101), Night Viewing Systems Based on Image Intensification (Page-123), Low Light Level TV Camera (Page-137).
650 _aImage
_9100438
942 _2ddc
_cBK
999 _c183208
_d183208